<?xml version="1.0" encoding="UTF-8"?><?xml-stylesheet type="text/xsl" href="static/style.xsl"?><OAI-PMH xmlns="http://www.openarchives.org/OAI/2.0/" xmlns:xsi="http://www.w3.org/2001/XMLSchema-instance" xsi:schemaLocation="http://www.openarchives.org/OAI/2.0/ http://www.openarchives.org/OAI/2.0/OAI-PMH.xsd"><responseDate>2026-04-29T00:59:46Z</responseDate><request verb="GetRecord" identifier="oai:repisalud.isciii.es:20.500.12105/10552" metadataPrefix="marc">https://repisalud.isciii.es/rest/oai/request</request><GetRecord><record><header><identifier>oai:repisalud.isciii.es:20.500.12105/10552</identifier><datestamp>2024-05-21T11:02:20Z</datestamp><setSpec>com_20.500.12105_2203</setSpec><setSpec>com_20.500.12105_2202</setSpec><setSpec>col_20.500.12105_19505</setSpec><setSpec>col_20.500.12105_19585</setSpec></header><metadata><record xmlns="http://www.loc.gov/MARC21/slim" xmlns:dcterms="http://purl.org/dc/terms/" xmlns:doc="http://www.lyncode.com/xoai" xmlns:xsi="http://www.w3.org/2001/XMLSchema-instance" xsi:schemaLocation="http://www.loc.gov/MARC21/slim http://www.loc.gov/standards/marcxml/schema/MARC21slim.xsd">
   <leader>00925njm 22002777a 4500</leader>
   <datafield ind2=" " ind1=" " tag="042">
      <subfield code="a">dc</subfield>
   </datafield>
   <datafield ind2=" " ind1=" " tag="720">
      <subfield code="a">Instituto de Salud Carlos III. Centro Nacional de Epidemiología</subfield>
      <subfield code="e">author</subfield>
   </datafield>
   <datafield ind2=" " ind1=" " tag="260">
      <subfield code="c">2013-03-24</subfield>
   </datafield>
   <datafield ind2=" " ind1=" " tag="520">
      <subfield code="a">En esta semana se observa un descenso marcado en la tasa de detección viral (43%) que permanecía por
encima del 50% desde hace diez semanas y que es consistente con la evolución decreciente de la actividad gripal en gran parte del territorio vigilado. Se mantiene el predominio de virus B y la contribución de
virus A aumenta discretamente de forma paulatina.
En la semana 12/2013, la tasa global de incidencia de gripe es de 89,26 casos por 100.000 habitantes,
con una evolución decreciente respecto a la semana previa de vigilancia.
La tasa de detección de VRS es del 4,6%, con una cierta fluctuación al alza con respecto a la semana
previa (2,7%)
Desde la semana 40/2012 se han notificado 366 casos graves hospitalizados confirmados de gripe en 16
CCAA, un 61% por virus de la gripe B y un 39% por virus A [91% A(H1N1)pdm09 y 9% A(H3N2), entre los
subtipados].
Desde el inicio de la temporada se han registrado 30 defunciones entre los casos graves hospitalizados
confirmados de gripe, el 57% por virus B y el 43% por virus A [91% A(H1N1)pdm09 y 9% A(H3N2),entre
los subtipados]. El 91% de los fallecidos presentaban factores de riesgo de complicaciones de gripe.
La actividad gripal en Norteamérica continua disminuyendo y se mantiene el predominio de virus A(H3N2),
aunque en Canadá se observa un aumento de la contribución de virus B. En Europa la actividad gripal
desciende o se mantiene estable, con un ligero predominio de virus B y un alto porcentaje de virus A
(H1N1)pdm09, entre los subtipados. El exceso de mortalidad en la mayoría de los países fue moderado
afectando más a las personas mayores de 65 años.</subfield>
   </datafield>
   <datafield ind1="8" ind2=" " tag="024">
      <subfield code="a">http://hdl.handle.net/20.500.12105/10552</subfield>
   </datafield>
   <datafield tag="653" ind2=" " ind1=" ">
      <subfield code="a">Gripe</subfield>
   </datafield>
   <datafield tag="653" ind2=" " ind1=" ">
      <subfield code="a">Vigilancia Epidemiológica</subfield>
   </datafield>
   <datafield ind2="0" ind1="0" tag="245">
      <subfield code="a">Informe semanal de Vigilancia de la Gripe en España Semana 12/2013 (18 - 24 de marzo 2013) Nº 344. 28 de marzo de 2013</subfield>
   </datafield>
</record></metadata></record></GetRecord></OAI-PMH>